[Event "DVM U20 2023"]
[Site "Magdeburg GER"]
[Date "2023.12.28"]
[Round "4"]
[White "Burian, Simon"]
[Black "Weidemann, Jakob"]
[Result "1-0"]
[Termination "normal"]
[Board "2.1"]
[WhiteElo "2154"]
[BlackElo "2114"]
[WhiteClock "00:14:08"]
[BlackClock "00:01:44"]
[WhiteTeam "SK König Plauen"]
[BlackTeam "SK Münster 32"]
[PlyCount "85"]
[WhiteFideId "12956902"]
[BlackFideId "16255470"]
[EventCountry "GER"]
[EventRounds "7"]
[EventType "team-swiss"]
[EventDate "2023.12.26"]

1. e4 {[%clk 01:30:58]} {[%emt 00:00:02]} c5 {[%clk 01:30:52]} {[%emt
00:00:08]} 2. Nf3 {[%clk 01:31:21]} {[%emt 00:00:06]} d6 {[%clk 01:31:16]}
{[%emt 00:00:06]} 3. d4 {[%clk 01:31:44]} {[%emt 00:00:09]} cxd4 {[%clk
01:31:38]} {[%emt 00:00:08]} 4. Nxd4 {[%clk 01:32:09]} {[%emt 00:00:05]} Nf6
{[%clk 01:31:56]} {[%emt 00:00:11]} 5. Nc3 {[%clk 01:32:14]} {[%emt 00:00:25]}
Nc6 {[%clk 01:32:16]} {[%emt 00:00:10]} 6. f3 {[%clk 01:31:16]} {[%emt
00:01:29]} e6 {[%clk 01:31:29]} {[%emt 00:01:17]} 7. Be3 {[%clk 01:31:29]}
{[%emt 00:00:17]} Be7 {[%clk 01:30:55]} {[%emt 00:01:04]} 8. Qd2 {[%clk
01:31:51]} {[%emt 00:00:08]} a6 {[%clk 01:30:07]} {[%emt 00:01:19]} 9. O-O-O
{[%clk 01:31:56]} {[%emt 00:00:24]} Bd7 {[%clk 01:29:11]} {[%emt 00:01:26]} 10.
g4 {[%clk 01:29:12]} {[%emt 00:03:14]} h6 {[%clk 01:25:46]} {[%emt 00:03:55]}
11. h4 {[%clk 01:25:38]} {[%emt 00:04:05]} Nxd4 {[%clk 01:24:53]} {[%emt
00:01:22]} 12. Bxd4 {[%clk 01:24:33]} {[%emt 00:01:35]} Qc7 {[%clk 01:20:37]}
{[%emt 00:04:46]} 13. Kb1 {[%clk 01:21:25]} {[%emt 00:03:38]} b5 {[%clk
01:20:43]} {[%emt 00:00:24]} 14. Bd3 {[%clk 01:17:16]} {[%emt 00:04:39]} Bc6
{[%clk 00:50:41]} {[%emt 00:30:32]} 15. g5 {[%clk 01:09:38]} {[%emt 00:08:07]}
Nh5 {[%clk 00:46:33]} {[%emt 00:04:39]} 16. gxh6 {[%clk 01:05:23]} {[%emt
00:04:45]} Rxh6 {[%clk 00:45:59]} {[%emt 00:01:05]} 17. Bxg7 {[%clk 01:05:19]}
{[%emt 00:00:35]} Rg6 {[%clk 00:46:20]} {[%emt 00:00:07]} 18. Bd4 {[%clk
01:05:41]} {[%emt 00:00:08]} e5 {[%clk 00:41:48]} {[%emt 00:05:03]} 19. Be3
{[%clk 01:04:59]} {[%emt 00:01:11]} O-O-O {[%clk 00:37:08]} {[%emt 00:05:10]}
20. Nd5 {[%clk 01:03:59]} {[%emt 00:01:31]} Bxd5 {[%clk 00:36:20]} {[%emt
00:01:18]} 21. exd5 {[%clk 01:04:22]} {[%emt 00:00:07]} Rg3 {[%clk 00:34:19]}
{[%emt 00:02:30]} 22. c4 {[%clk 01:02:15]} {[%emt 00:02:38]} b4 {[%clk
00:30:07]} {[%emt 00:04:42]} 23. Qxb4 {[%clk 01:00:53]} {[%emt 00:01:51]} Qb7
{[%clk 00:30:23]} {[%emt 00:00:16]} 24. Qd2 {[%clk 00:51:31]} {[%emt 00:09:51]}
Kb8 {[%clk 00:24:32]} {[%emt 00:06:20]} 25. Rdg1 {[%clk 00:48:58]} {[%emt
00:03:03]} Rdg8 {[%clk 00:23:17]} {[%emt 00:01:45]} 26. Rxg3 {[%clk 00:47:17]}
{[%emt 00:02:11]} Rxg3 {[%clk 00:23:01]} {[%emt 00:00:46]} 27. Rg1 {[%clk
00:45:12]} {[%emt 00:02:36]} Rxg1+ {[%clk 00:19:58]} {[%emt 00:03:33]} 28. Bxg1
{[%clk 00:45:36]} {[%emt 00:00:06]} Nf4 {[%clk 00:18:03]} {[%emt 00:02:24]} 29.
Be4 {[%clk 00:44:46]} {[%emt 00:01:21]} Bxh4 {[%clk 00:17:58]} {[%emt
00:00:35]} 30. Qh2 {[%clk 00:38:08]} {[%emt 00:07:05]} Qe7 {[%clk 00:16:15]}
{[%emt 00:02:15]} 31. Qd2 {[%clk 00:30:23]} {[%emt 00:08:15]} Qb7 {[%clk
00:14:40]} {[%emt 00:02:05]} 32. a3 {[%clk 00:28:05]} {[%emt 00:02:48]} Be7
{[%clk 00:12:08]} {[%emt 00:03:01]} 33. Ka2 {[%clk 00:27:06]} {[%emt 00:01:31]}
Bd8 {[%clk 00:10:52]} {[%emt 00:01:45]} 34. Be3 {[%clk 00:23:07]} {[%emt
00:04:28]} Bf6 {[%clk 00:10:28]} {[%emt 00:00:53]} 35. c5 {[%clk 00:22:19]}
{[%emt 00:01:19]} Bg5 {[%clk 00:08:55]} {[%emt 00:02:03]} 36. Qh2 {[%clk
00:17:36]} {[%emt 00:05:13]} Qb5 {[%clk 00:07:24]} {[%emt 00:02:01]} 37. Qc2
{[%clk 00:14:47]} {[%emt 00:03:20]} dxc5 {[%clk 00:06:06]} {[%emt 00:01:48]}
38. Bxc5 {[%clk 00:14:36]} {[%emt 00:00:42]} Bd8 {[%clk 00:00:42]} {[%emt
00:05:54]} 39. Bd6+ {[%clk 00:14:11]} {[%emt 00:00:55]} Ka7 {[%clk 00:01:05]}
{[%emt 00:00:07]} 40. Qc8 {[%clk 00:13:06]} {[%emt 00:01:35]} Ba5 {[%clk
00:01:04]} {[%emt 00:00:30]} 41. Bc5+ {[%clk 00:13:24]} {[%emt 00:00:12]} Bb6
{[%clk 00:01:23]} {[%emt 00:00:13]} 42. Qc7+ {[%clk 00:13:48]} {[%emt
00:00:06]} Ka8 {[%clk 00:01:44]} {[%emt 00:00:09]} 43. d6+ {[%clk 00:14:08]}
{[%emt 00:00:10]} 1-0

[Event "DVM U20 2023"]
[Site "Magdeburg GER"]
[Date "2023.12.28"]
[Round "4"]
[White "Schröder, Lennart"]
[Black "Melestean, Timur"]
[Result "1-0"]
[Termination "normal"]
[Board "2.2"]
[WhiteElo "2107"]
[BlackElo "1892"]
[WhiteClock "00:26:44"]
[BlackClock "00:23:32"]
[WhiteTeam "SK Münster 32"]
[BlackTeam "SK König Plauen"]
[PlyCount "99"]
[WhiteFideId "16222490"]
[BlackFideId "16280385"]
[EventCountry "GER"]
[EventRounds "7"]
[EventType "team-swiss"]
[EventDate "2023.12.26"]

1. Nf3 {[%clk 01:30:54]} {[%emt 00:00:06]} d5 {[%clk 01:30:56]} {[%emt
00:00:05]} 2. g3 {[%clk 01:31:16]} {[%emt 00:00:07]} Nf6 {[%clk 01:31:22]}
{[%emt 00:00:04]} 3. Bg2 {[%clk 01:31:32]} {[%emt 00:00:14]} Bg4 {[%clk
01:30:46]} {[%emt 00:01:06]} 4. c4 {[%clk 01:30:52]} {[%emt 00:01:10]} c6
{[%clk 01:29:56]} {[%emt 00:01:21]} 5. cxd5 {[%clk 01:29:14]} {[%emt 00:02:08]}
cxd5 {[%clk 01:30:13]} {[%emt 00:00:13]} 6. O-O {[%clk 01:28:37]} {[%emt
00:01:07]} Nc6 {[%clk 01:30:10]} {[%emt 00:00:35]} 7. d4 {[%clk 01:24:09]}
{[%emt 00:04:57]} e6 {[%clk 01:30:19]} {[%emt 00:00:20]} 8. Nc3 {[%clk
01:17:52]} {[%emt 00:06:46]} Be7 {[%clk 01:29:21]} {[%emt 00:01:29]} 9. Ne5
{[%clk 01:14:17]} {[%emt 00:04:05]} Bf5 {[%clk 01:18:05]} {[%emt 00:11:47]} 10.
Nxc6 {[%clk 01:09:37]} {[%emt 00:05:10]} bxc6 {[%clk 01:17:47]} {[%emt
00:00:47]} 11. b3 {[%clk 01:08:50]} {[%emt 00:01:17]} O-O {[%clk 01:18:10]}
{[%emt 00:00:07]} 12. Bb2 {[%clk 01:07:56]} {[%emt 00:01:23]} c5 {[%clk
01:15:04]} {[%emt 00:03:37]} 13. Rc1 {[%clk 01:01:59]} {[%emt 00:06:28]} Rc8
{[%clk 01:14:38]} {[%emt 00:00:55]} 14. dxc5 {[%clk 01:01:25]} {[%emt
00:01:04]} Bxc5 {[%clk 01:14:07]} {[%emt 00:01:01]} 15. Na4 {[%clk 00:59:35]}
{[%emt 00:02:21]} Bd6 {[%clk 01:11:47]} {[%emt 00:02:49]} 16. Rxc8 {[%clk
00:56:12]} {[%emt 00:03:53]} Qxc8 {[%clk 01:10:16]} {[%emt 00:02:02]} 17. Bxf6
{[%clk 00:49:55]} {[%emt 00:06:46]} gxf6 {[%clk 01:08:48]} {[%emt 00:01:59]}
18. e4 {[%clk 00:50:18]} {[%emt 00:00:07]} Bg6 {[%clk 01:09:05]} {[%emt
00:00:13]} 19. exd5 {[%clk 00:49:43]} {[%emt 00:01:03]} Be5 {[%clk 01:06:04]}
{[%emt 00:03:31]} 20. Qc1 {[%clk 00:44:52]} {[%emt 00:05:22]} exd5 {[%clk
01:04:55]} {[%emt 00:01:39]} 21. Bxd5 {[%clk 00:41:29]} {[%emt 00:03:53]} Rd8
{[%clk 01:04:42]} {[%emt 00:00:42]} 22. Qc4 {[%clk 00:34:45]} {[%emt 00:07:14]}
Qxc4 {[%clk 00:51:21]} {[%emt 00:13:51]} 23. bxc4 {[%clk 00:34:58]} {[%emt
00:00:18]} Rb8 {[%clk 00:50:56]} {[%emt 00:00:55]} 24. Rc1 {[%clk 00:29:22]}
{[%emt 00:06:05]} Bd4 {[%clk 00:50:58]} {[%emt 00:00:29]} 25. c5 {[%clk
00:28:11]} {[%emt 00:01:40]} Rb4 {[%clk 00:50:04]} {[%emt 00:01:24]} 26. Bb3
{[%clk 00:26:37]} {[%emt 00:02:04]} Rb8 {[%clk 00:38:15]} {[%emt 00:12:19]} 27.
Rd1 {[%clk 00:23:02]} {[%emt 00:04:06]} Rb4 {[%clk 00:30:59]} {[%emt 00:07:47]}
28. c6 {[%clk 00:18:03]} {[%emt 00:05:29]} Bf5 {[%clk 00:31:20]} {[%emt
00:00:08]} 29. Rc1 {[%clk 00:17:24]} {[%emt 00:01:09]} Rb8 {[%clk 00:31:12]}
{[%emt 00:00:38]} 30. Nc3 {[%clk 00:16:05]} {[%emt 00:01:48]} Rc8 {[%clk
00:29:51]} {[%emt 00:01:52]} 31. Nb5 {[%clk 00:15:11]} {[%emt 00:01:24]} Bb2
{[%clk 00:30:19]} {[%emt 00:00:02]} 32. Rc5 {[%clk 00:15:13]} {[%emt 00:00:28]}
Be4 {[%clk 00:30:01]} {[%emt 00:00:49]} 33. Nxa7 {[%clk 00:14:19]} {[%emt
00:01:23]} Bd4 {[%clk 00:21:51]} {[%emt 00:08:40]} 34. Rc4 {[%clk 00:11:22]}
{[%emt 00:03:28]} Bxa7 {[%clk 00:22:07]} {[%emt 00:00:13]} 35. Rxe4 {[%clk
00:11:43]} {[%emt 00:00:09]} Rxc6 {[%clk 00:22:26]} {[%emt 00:00:11]} 36. Re7
{[%clk 00:11:39]} {[%emt 00:00:33]} Bd4 {[%clk 00:22:46]} {[%emt 00:00:41]} 37.
Rxf7 {[%clk 00:11:19]} {[%emt 00:01:20]} Kh8 {[%clk 00:23:08]} {[%emt
00:00:08]} 38. Kg2 {[%clk 00:09:25]} {[%emt 00:02:25]} Ra6 {[%clk 00:23:02]}
{[%emt 00:00:33]} 39. h4 {[%clk 00:08:41]} {[%emt 00:01:15]} Ra7 {[%clk
00:22:11]} {[%emt 00:01:21]} 40. Rf8+ {[%clk 00:03:54]} {[%emt 00:05:18]} Kg7
{[%clk 00:22:38]} {[%emt 00:00:03]} 41. Rg8+ {[%clk 00:04:18]} {[%emt
00:00:06]} Kh6 {[%clk 00:23:00]} {[%emt 00:00:08]} 42. g4 {[%clk 00:04:30]}
{[%emt 00:00:18]} Rg7 {[%clk 00:19:50]} {[%emt 00:03:39]} 43. f4 {[%clk
00:03:22]} {[%emt 00:01:39]} Rxg8 {[%clk 00:19:37]} {[%emt 00:00:44]} 44. Bxg8
{[%clk 00:03:45]} {[%emt 00:00:05]} Kg7 {[%clk 00:19:43]} {[%emt 00:00:24]} 45.
Bc4 {[%clk 00:03:40]} {[%emt 00:00:34]} Bc3 {[%clk 00:17:45]} {[%emt 00:02:30]}
46. g5 {[%clk 00:01:13]} {[%emt 00:02:57]} Bd2 {[%clk 00:00:41]} {[%emt
00:17:34]} 47. Kf3 {[%clk 00:30:10]} {[%emt 00:01:33]} h6 {[%clk 00:23:43]}
{[%emt 00:07:29]} 48. Kg4 {[%clk 00:28:42]} {[%emt 00:01:58]} h5+ {[%clk
00:23:04]} {[%emt 00:01:09]} 49. Kf5 {[%clk 00:26:44]} {[%emt 00:02:27]} fxg5
{[%clk 00:23:32]} {[%emt 00:00:03]} 50. Kxg5 {[%emt 00:01:36]} 1-0

[Event "DVM U20 2023"]
[Site "Magdeburg GER"]
[Date "2023.12.28"]
[Round "4"]
[White "Elstner, Florian"]
[Black "Kamp, Adrian"]
[Result "0-1"]
[Termination "normal"]
[Board "2.3"]
[WhiteElo "1815"]
[BlackElo "2042"]
[WhiteClock "00:03:45"]
[BlackClock "00:04:21"]
[WhiteTeam "SK König Plauen"]
[BlackTeam "SK Münster 32"]
[PlyCount "74"]
[WhiteFideId "16247264"]
[BlackFideId "16222466"]
[EventCountry "GER"]
[EventRounds "7"]
[EventType "team-swiss"]
[EventDate "2023.12.26"]

1. d4 {[%clk 01:30:57]} {[%emt 00:00:02]} Nf6 {[%clk 01:30:36]} {[%emt
00:00:25]} 2. c4 {[%clk 01:31:19]} {[%emt 00:00:09]} g6 {[%clk 01:30:35]}
{[%emt 00:00:31]} 3. Nc3 {[%clk 01:31:41]} {[%emt 00:00:07]} d5 {[%clk
01:30:57]} {[%emt 00:00:08]} 4. Nf3 {[%clk 01:31:40]} {[%emt 00:00:31]} Bg7
{[%clk 01:31:10]} {[%emt 00:00:17]} 5. Qb3 {[%clk 01:31:33]} {[%emt 00:00:38]}
dxc4 {[%clk 01:31:12]} {[%emt 00:00:29]} 6. Qxc4 {[%clk 01:31:55]} {[%emt
00:00:07]} O-O {[%clk 01:31:07]} {[%emt 00:00:35]} 7. e4 {[%clk 01:32:09]}
{[%emt 00:00:16]} a6 {[%clk 01:30:56]} {[%emt 00:00:41]} 8. Qb3 {[%clk
01:29:01]} {[%emt 00:03:38]} b5 {[%clk 01:28:23]} {[%emt 00:03:03]} 9. Be2
{[%clk 01:27:55]} {[%emt 00:01:35]} Bb7 {[%clk 01:27:48]} {[%emt 00:01:06]} 10.
e5 {[%clk 01:27:52]} {[%emt 00:00:33]} Nd5 {[%clk 01:26:21]} {[%emt 00:01:56]}
11. O-O {[%clk 01:27:32]} {[%emt 00:00:50]} Nxc3 {[%clk 01:21:41]} {[%emt
00:05:11]} 12. bxc3 {[%clk 01:27:38]} {[%emt 00:00:23]} c5 {[%clk 01:21:58]}
{[%emt 00:00:13]} 13. Be3 {[%clk 01:17:38]} {[%emt 00:10:31]} Bd5 {[%clk
01:15:14]} {[%emt 00:07:14]} 14. Qb2 {[%clk 01:13:56]} {[%emt 00:04:11]} Nd7
{[%clk 01:09:30]} {[%emt 00:06:15]} 15. Rfd1 {[%clk 01:06:15]} {[%emt
00:08:10]} Qc7 {[%clk 01:03:38]} {[%emt 00:06:22]} 16. a4 {[%clk 00:59:28]}
{[%emt 00:07:18]} bxa4 {[%clk 00:54:37]} {[%emt 00:09:31]} 17. c4 {[%clk
00:50:57]} {[%emt 00:09:01]} Rab8 {[%clk 00:52:50]} {[%emt 00:02:18]} 18. Qc3
{[%clk 00:47:50]} {[%emt 00:03:35]} Bxf3 {[%clk 00:50:28]} {[%emt 00:02:52]}
19. Bxf3 {[%clk 00:46:28]} {[%emt 00:01:53]} cxd4 {[%clk 00:49:37]} {[%emt
00:01:21]} 20. Bxd4 {[%clk 00:43:32]} {[%emt 00:03:26]} Rb3 {[%clk 00:45:09]}
{[%emt 00:04:58]} 21. Qc2 {[%clk 00:40:12]} {[%emt 00:03:50]} Bxe5 {[%clk
00:44:04]} {[%emt 00:01:35]} 22. Rxa4 {[%clk 00:36:18]} {[%emt 00:04:24]} Bxh2+
{[%clk 00:35:07]} {[%emt 00:09:27]} 23. Kh1 {[%clk 00:31:43]} {[%emt 00:05:04]}
Rfb8 {[%clk 00:34:02]} {[%emt 00:01:35]} 24. Rxa6 {[%clk 00:28:06]} {[%emt
00:04:09]} Qf4 {[%clk 00:29:53]} {[%emt 00:04:38]} 25. Ra8 {[%clk 00:24:05]}
{[%emt 00:04:31]} Rxa8 {[%clk 00:24:57]} {[%emt 00:05:26]} 26. Bxa8 {[%clk
00:22:33]} {[%emt 00:02:02]} Rb8 {[%clk 00:20:56]} {[%emt 00:04:31]} 27. Bf3
{[%clk 00:21:20]} {[%emt 00:01:43]} Qh4 {[%clk 00:15:36]} {[%emt 00:05:49]} 28.
Qe4 {[%clk 00:20:41]} {[%emt 00:01:10]} Bf4+ {[%clk 00:14:12]} {[%emt
00:01:54]} 29. Kg1 {[%clk 00:21:10]} {[%emt 00:00:03]} e5 {[%clk 00:10:13]}
{[%emt 00:04:28]} 30. Bc3 {[%clk 00:17:02]} {[%emt 00:04:38]} Nf6 {[%clk
00:08:10]} {[%emt 00:02:33]} 31. Qc2 {[%clk 00:14:32]} {[%emt 00:03:00]} Bh2+
{[%clk 00:06:28]} {[%emt 00:02:13]} 32. Kf1 {[%clk 00:13:02]} {[%emt 00:01:58]}
Qxc4+ {[%clk 00:06:28]} {[%emt 00:00:31]} 33. Be2 {[%clk 00:11:54]} {[%emt
00:01:39]} Qc5 {[%clk 00:05:43]} {[%emt 00:01:16]} 34. g3 {[%clk 00:08:33]}
{[%emt 00:03:49]} Rc8 {[%clk 00:04:07]} {[%emt 00:02:07]} 35. Kg2 {[%clk
00:07:25]} {[%emt 00:01:38]} Nd5 {[%clk 00:04:30]} {[%emt 00:00:08]} 36. Qd3
{[%clk 00:06:52]} {[%emt 00:01:03]} Nxc3 {[%clk 00:04:24]} {[%emt 00:00:36]}
37. Bg4 {[%clk 00:03:45]} {[%emt 00:03:36]} Nxd1 {[%clk 00:04:21]} {[%emt
00:00:34]} 0-1

[Event "DVM U20 2023"]
[Site "Magdeburg GER"]
[Date "2023.12.28"]
[Round "4"]
[White "Meyer, Emil"]
[Black "Melitzki, Richard"]
[Result "0-1"]
[Termination "normal"]
[Board "2.4"]
[WhiteElo "1919"]
[BlackElo "1819"]
[WhiteClock "00:18:14"]
[BlackClock "00:14:55"]
[WhiteTeam "SK Münster 32"]
[BlackTeam "SK König Plauen"]
[PlyCount "74"]
[WhiteFideId "34625771"]
[BlackFideId "16223420"]
[EventCountry "GER"]
[EventRounds "7"]
[EventType "team-swiss"]
[EventDate "2023.12.26"]

1. e4 {[%clk 01:30:57]} {[%emt 00:00:04]} c5 {[%clk 01:30:44]} {[%emt
00:00:16]} 2. Nf3 {[%clk 01:31:23]} {[%emt 00:00:04]} e6 {[%clk 01:31:10]}
{[%emt 00:00:05]} 3. d4 {[%clk 01:31:50]} {[%emt 00:00:03]} cxd4 {[%clk
01:31:35]} {[%emt 00:00:05]} 4. Nxd4 {[%clk 01:32:16]} {[%emt 00:00:04]} Nc6
{[%clk 01:31:59]} {[%emt 00:00:05]} 5. Nc3 {[%clk 01:32:43]} {[%emt 00:00:05]}
Qc7 {[%clk 01:32:06]} {[%emt 00:00:22]} 6. Be3 {[%clk 01:33:03]} {[%emt
00:00:10]} a6 {[%clk 01:32:20]} {[%emt 00:00:17]} 7. g4 {[%clk 01:33:29]}
{[%emt 00:00:04]} b5 {[%clk 01:29:33]} {[%emt 00:03:18]} 8. Nxc6 {[%clk
01:33:26]} {[%emt 00:00:32]} Qxc6 {[%clk 01:29:18]} {[%emt 00:00:44]} 9. Qd2
{[%clk 01:32:14]} {[%emt 00:01:43]} Bb7 {[%clk 01:21:54]} {[%emt 00:07:53]} 10.
Bg2 {[%clk 01:27:25]} {[%emt 00:05:19]} Be7 {[%clk 01:18:00]} {[%emt 00:04:24]}
11. O-O-O {[%clk 01:23:47]} {[%emt 00:04:07]} d6 {[%clk 01:18:14]} {[%emt
00:00:17]} 12. f4 {[%clk 01:17:26]} {[%emt 00:06:51]} Nf6 {[%clk 01:12:30]}
{[%emt 00:06:15]} 13. Rhg1 {[%clk 01:07:39]} {[%emt 00:10:17]} b4 {[%clk
01:05:35]} {[%emt 00:07:24]} 14. e5 {[%clk 01:05:33]} {[%emt 00:02:35]} d5
{[%clk 01:05:56]} {[%emt 00:00:10]} 15. Ne2 {[%clk 01:03:02]} {[%emt 00:03:00]}
Nxg4 {[%clk 00:56:03]} {[%emt 00:10:24]} 16. Bxd5 {[%clk 00:50:31]} {[%emt
00:12:59]} Qxd5 {[%clk 00:56:26]} {[%emt 00:00:08]} 17. Rxg4 {[%clk 00:49:09]}
{[%emt 00:01:52]} Qxd2+ {[%clk 00:51:36]} {[%emt 00:05:19]} 18. Rxd2 {[%clk
00:49:16]} {[%emt 00:00:22]} g6 {[%clk 00:51:20]} {[%emt 00:00:47]} 19. Rg1
{[%clk 00:45:34]} {[%emt 00:04:11]} Bd5 {[%clk 00:43:52]} {[%emt 00:07:58]} 20.
Nd4 {[%clk 00:40:47]} {[%emt 00:05:18]} O-O-O {[%clk 00:36:09]} {[%emt
00:08:14]} 21. Rgd1 {[%clk 00:36:06]} {[%emt 00:05:10]} Kb7 {[%clk 00:29:23]}
{[%emt 00:07:16]} 22. b3 {[%clk 00:31:20]} {[%emt 00:05:16]} Rc8 {[%clk
00:25:32]} {[%emt 00:04:22]} 23. f5 {[%clk 00:29:05]} {[%emt 00:02:45]} Rc3
{[%clk 00:24:57]} {[%emt 00:01:05]} 24. Rd3 {[%clk 00:25:09]} {[%emt 00:04:26]}
Rhc8 {[%clk 00:24:38]} {[%emt 00:00:49]} 25. fxe6 {[%clk 00:22:38]} {[%emt
00:03:00]} fxe6 {[%clk 00:24:40]} {[%emt 00:00:28]} 26. Rxc3 {[%clk 00:19:38]}
{[%emt 00:03:30]} Rxc3 {[%clk 00:19:58]} {[%emt 00:05:11]} 27. Bd2 {[%clk
00:19:48]} {[%emt 00:00:20]} Rh3 {[%clk 00:19:37]} {[%emt 00:00:51]} 28. Rf1
{[%clk 00:19:56]} {[%emt 00:00:21]} Bc5 {[%clk 00:19:02]} {[%emt 00:01:06]} 29.
Rf7+ {[%clk 00:19:05]} {[%emt 00:01:22]} Kb6 {[%clk 00:18:56]} {[%emt
00:00:36]} 30. Nxe6 {[%clk 00:18:55]} {[%emt 00:00:40]} Bxe6 {[%clk 00:18:15]}
{[%emt 00:01:11]} 31. Rf6 {[%clk 00:19:20]} {[%emt 00:00:05]} Rxh2 {[%clk
00:15:46]} {[%emt 00:03:00]} 32. Rxe6+ {[%clk 00:19:41]} {[%emt 00:00:10]} Kc7
{[%clk 00:15:49]} {[%emt 00:00:25]} 33. Bf4 {[%clk 00:19:30]} {[%emt 00:00:42]}
Rf2 {[%clk 00:15:23]} {[%emt 00:00:55]} 34. Rf6 {[%clk 00:19:11]} {[%emt
00:00:49]} Rxf4 {[%clk 00:15:45]} {[%emt 00:00:09]} 35. Rxa6 {[%clk 00:18:38]}
{[%emt 00:01:01]} Bd4 {[%clk 00:14:30]} {[%emt 00:01:46]} 36. a3 {[%clk
00:17:50]} {[%emt 00:01:18]} Bc3 {[%clk 00:14:49]} {[%emt 00:00:11]} 37. Kd1
{[%clk 00:18:14]} {[%emt 00:00:05]} Re4 {[%clk 00:14:55]} {[%emt 00:00:25]} 0-1